| 000 | 00865 a2200277 4500 | ||
|---|---|---|---|
| 003 | CBULib | ||
| 005 | 20241030064203.0 | ||
| 008 | 241021b |||||||| |||| 00| 0 eng d | ||
| 020 | _a9780702072338 | ||
| 040 |
_bEnglish _cCBULib _erda |
||
| 041 | _aeng | ||
| 050 | _aSF 887 Noa | ||
| 100 | _aNoakes, David E. | ||
| 245 |
_aVeterinary reproduction and obstetrics _c/ by David E. Noakes; Timothy J. Parkinson and Gary C.W. England |
||
| 250 | _aTenth edition | ||
| 260 |
_bElsevier, _c2019 |
||
| 300 | _aix, 837 pages : illustrations | ||
| 336 |
_2rdacontent _aText | _btxt |
||
| 337 |
_2rdamedia _aUnmediated | _bn |
||
| 338 |
_2rdacarrier _aVolume _bnc |
||
| 650 | 0 |
_93785 _aVETERINARY 0BSTETRICS |
|
| 650 | 0 |
_93786 _aDOMESTIC ANIMALS -- REPRODUCTION |
|
| 700 |
_93788 _aParkinson, Timothy J |
||
| 700 |
_93789 _aEngland, Gary C.W |
||
| 942 |
_2lcc _c002 |
||
| 999 |
_c85680 _d85680 |
||